Biblioteca

Antropología en perspectiva teológica (Registro nro. 71003)

Detalles MARC
000 -LÍDER
Campo fijo de descripción fija 01759nam a2200385 i 4500
001 - NÚMERO DE CONTROL
Campo de control 768714001
003 - IDENTIFICADOR DEL NÚMERO DE CONTROL
Campo de control CO-MdFUSB
005 - FECHA Y HORA DE LA ULTIMA TRANSACCIÓN
control field 20260325130519.0
007 - CAMPO FIJO DE DESCRIPCIÓN FIJA--INFORMACIÓN GENERAL
Campo fijo de descripción fija ta
008 - ELEMENTOS DE LONGITUD FIJA -- INFORMACIÓN GENERAL
Campo fijo de descripción fija -- Información general 241001t1993 sp ||||| |||| 001 0 spa d
020 ## - NÚMERO INTERNACIONAL NORMALIZADO PARA LIBROS
Número Internacional Normalizado del libro 84-301-1215-4
040 ## - FUENTE DE CATALOGACIÓN
Idioma de catalogación spa.
Agencia de catalogación original CO-MdFUSB
Agencia que realiza la transcripción CO-MdFUSB
Agencia que realiza la modificación CO-MdFUSBC
Convenciones de la descripción rda
041 ## - CÓDIGO DE IDIOMA
Código de idioma para texto/pista de sonido o título separado spa
Código de idioma original ger
082 ## - NÚMERO DE CLASIFICACIÓN DECIMAL DEWEY
Número de la edición del Dewey 23
Número de clasificación 233
Clave de autor-Numero de item P194
100 ## - ASIENTO PRINCIPAL--NOMBRE PERSONAL
Nombre personal Pannenberg, Wolfhart.
Término relacionador autor
240 ## - TITULO UNIFORME
Título uniforme <a href="Anthropologie in theologischer Perspektive.">Anthropologie in theologischer Perspektive.</a>
245 0# - TÍTULO
Título del Material Antropología en perspectiva teológica
Mención de responsabilidad, etc. / Wolfhart Pannenberg ; traducido por Miguel García-Baró
264 #1 - PRODUCCIÓN, PUBLICACIÓN, DISTRIBUCIÓN, MANUFACTURA, Y COPYRIGHT
Lugar de producción, publicación, distribución, manufactura Salamanca, España :
Nombre del productor, publicador, distribuidor Sígueme,
Fecha de producción, publicación, distribución, manufactura, o copyright [1993]
264 #4 - PRODUCCIÓN, PUBLICACIÓN, DISTRIBUCIÓN, MANUFACTURA, Y COPYRIGHT
Fecha de producción, publicación, distribución, manufactura, o copyright ©1993
300 ## - DESCRIPCIÓN FÍSICA
Extensión 709 páginas
Dimensiones ; 22 cm
336 ## - TIPO DE CONTENIDO
Fuente rdacontent
Término de tipo de contenido texto
Código de tipo de contenido txt
337 ## - TIPO DE MEDIO
Fuente rdamedia
Nombre del tipo de medio sin mediación
Código del tipo de medio n
338 ## - TIPO DE SOPORTE
Fuente rdacarrier
Nombre del tipo de soporte volumen
Código Tipo de soporte nc
490 ## - MENCIÓN DE SERIE
Mención de serie Verdad e imagen,
500 ## - NOTA GENERAL
Nota General Incluye índice de citas bíblicas, índice de autores, índice analítico e índice general.
505 ## - NOTA DE CONTENIDO
Nota de contenido con formato preestablecido El hombre en la naturaleza y la naturaleza del hombre. -- El lugar señero del hombre. -- Apertura al mundo e imagen de Dios. -- Centralidad y pecado. -- El hombre como ser social. -- Subjetividad y sociedad. -- La problemática de la identidad. -- Identidad y no-identidad como temas de la vida afectiva. -- El mundo común. -- Los fundamentos de la cultura. -- El sentido cultural de las instituciones sociales. -- El hombre y la historia.
563 ## - NOTA DE ENCUADERNACIÓN
Nota de encuadernación Pasta dura
650 #7 - ASIENTO SECUNDARIO DE MATERIA - TERMINO TEMÁTICO
Término temático o nombre geográfico como elemento de entrada Antropología bíblica
Fuente del encabezamiento o término embne
9 (RLIN) 6715
653 ## - TÉRMINO DE INDIZACIÓN - NO CONTROLADO
Término no controlado Antropología cristiana
653 ## - TÉRMINO DE INDIZACIÓN - NO CONTROLADO
Término no controlado Hombre — Teología cristiana
653 ## - TÉRMINO DE INDIZACIÓN - NO CONTROLADO
Término no controlado Naturaleza humana — Cristianismo
700 ## - ASIENTO SECUNDARIO - NOMBRE PERSONAL
Nombre personal García-Baró, Miguel,
Fechas asociadas con el nombre 1953-
9 (RLIN) 10819
Responsabilidad traductor
942 ## - TIPO DE MATERIAL (KOHA)
Tipo de Item KOHA Libros General
945 ## - INFORMACIÓN LOCAL DEL REGISTRO
Catalogador Catherine Arias Alvarez
Existencias
Estado de Material Estado de Perdido Forma de Clasificación Volumen-Parte/Tomo Estado de Dañado No para Préstamo Colección Tomo Biblioteca de Origen Biblioteca Permanente Fecha de Adquisición Total de Préstamos Signatura Topográfica Código de Barras Última vez visto Ejemplar/Existencia Fecha de Remplazo Tipo de Material
    Dewey Decimal Classification       Colección General   Biblioteca FUSBC Biblioteca FUSBC 01/10/2024   G 233 P194a 25076 01/10/2024 Ej. 1 01/10/2024 Libros General

Biblioteca FUSBC | Teléfono: (57+4) 349 88 10 Ext. 141| WhatsApp (+57) 3005338115 
E-mail: biblioteca@unisbc.edu.co | Calle 76 87-14 Robledo Palenque, Medellín, Colombia

Con tecnología Koha